Statistics for 80's Actors by Picture

Click here to take the quiz!

General Stats

  • This quiz has been taken 1,192 times
  • The average score is 10 of 16

Answer Stats

Answer% Correct
Robert De Niro
90%
Al Pacino
84%
Harrison Ford
84%
Michael Douglas
82%
Richard Gere
76%
Jodie Foster
75%
Michael Caine
74%
Jeff Bridges
71%
Winona Ryder
70%
Meg Ryan
68%
Jamie Lee Curtis
65%
River Phoenix
61%
Michelle Pfeiffer
60%
Mickey Rourke
55%
Debra Winger
17%
Pam Grier
11%

Score Distribution

Percentile by Number Answered

Percent of People with Each Score

Your Score History

You have not taken this quiz